00222nam a2200097Ia 4500008004100000100000900041245004100050260000900091942000700100999001700107190216s9999||||xx |||||||||||||| ||und|| aNull 0aHindi-Pramananthekar Kahani Sahithya bNull cBK c18140d18140